[Event "European Team-ch 2007"]
[Site "Crete GRE"]
[Date "2007.11.06"]
[Round "9.13"]
[White "Jenni, Florian"]
[Black "Zelcic, Robert"]
[Result "1/2-1/2"]
[WhiteElo "2511"]
[BlackElo "2578"]
[PlyCount "113"]
[EventDate "2007.10.28"]
[EventType "team"]
[EventRounds "9"]
[EventCountry "GRE"]
[Source "lmi"]
[SourceDate "2007.10.28"]
[WhiteTeam "Switzerland"]
[BlackTeam "Croatia"]
[WhiteTeamCountry "SUI"]
[BlackTeamCountry "CRO"]

1. e4 c6 2. d4 d5 3. e5 c5 4. dxc5 Nc6 5. Bb5 e6 6. Be3 Nge7 7. c3 Bd7 8. Bxc6
Bxc6 9. Nf3 Nf5 10. Bd4 Nxd4 11. Qxd4 a5 12. b4 Be7 13. O-O O-O 14. a3 Qc7 15.
Nbd2 Rfc8 16. Rfc1 Rab8 17. a4 Ra8 18. b5 Be8 19. Nb3 Bxc5 20. Nxc5 Qxc5 21.
Nd2 Qxd4 22. cxd4 f6 23. f4 Bg6 24. Nf1 fxe5 25. fxe5 Rc4 26. Rxc4 dxc4 27. Rc1
Bd3 28. Nd2 Rf8 29. Nf3 Rf4 30. Kf2 h6 31. b6 Re4 32. Re1 c3 33. Rxe4 Bxe4 34.
Ke3 Bc2 35. d5 exd5 36. Kd4 Be4 37. Kxc3 g5 38. Kd4 Kf7 39. Nd2 Bc2 40. Kxd5
Bxa4 41. Kd6 Bc6 42. e6+ Ke8 43. g3 a4 44. Nc4 Bb5 45. Na3 Bd3 46. e7 h5 47. h4
gxh4 48. gxh4 Ba6 49. Ke6 Be2 50. Nc2 Bd3 51. Na3 Be2 52. Nb1 Bb5 53. Kf6 Bd3
54. Na3 Ba6 55. Nc2 Bd3 56. Na3 Ba6 57. Nc2 1/2-1/2

[Event "European Team-ch 2007"]
[Site "Crete GRE"]
[Date "2007.11.06"]
[Round "9.13"]
[White "Brkic, Ante"]
[Black "Gallagher, Joseph G"]
[Result "1/2-1/2"]
[WhiteElo "2577"]
[BlackElo "2497"]
[PlyCount "38"]
[EventDate "2007.10.28"]
[EventType "team"]
[EventRounds "9"]
[EventCountry "GRE"]
[Source "lmi"]
[SourceDate "2007.10.28"]
[WhiteTeam "Croatia"]
[BlackTeam "Switzerland"]
[WhiteTeamCountry "CRO"]
[BlackTeamCountry "SUI"]

1. e4 d5 2. exd5 Qxd5 3. Nc3 Qd6 4. d4 Nf6 5. Nf3 c6 6. Ne5 Nbd7 7. Nc4 Qc7 8.
Qf3 Nb6 9. Bf4 Qd8 10. Be5 Bg4 11. Qg3 h5 12. h3 h4 13. Qf4 Be6 14. Ne3 Nbd5
15. Nexd5 Nxd5 16. Qd2 Nxc3 17. bxc3 Qd5 18. f3 Rh5 19. Bf4 Rd8 1/2-1/2

[Event "European Team-ch 2007"]
[Site "Crete GRE"]
[Date "2007.11.06"]
[Round "9.13"]
[White "Landenbergue, Claude"]
[Black "Jankovic, Alojzije"]
[Result "1/2-1/2"]
[WhiteElo "2452"]
[BlackElo "2548"]
[PlyCount "38"]
[EventDate "2007.10.28"]
[EventType "team"]
[EventRounds "9"]
[EventCountry "GRE"]
[Source "lmi"]
[SourceDate "2007.10.28"]
[WhiteTeam "Switzerland"]
[BlackTeam "Croatia"]
[WhiteTeamCountry "SUI"]
[BlackTeamCountry "CRO"]

1. e4 c5 2. c3 Nf6 3. e5 Nd5 4. d4 cxd4 5. cxd4 d6 6. Nf3 Nc6 7. Bc4 e6 8. O-O
Be7 9. Re1 O-O 10. exd6 Qxd6 11. Nc3 a6 12. Bb3 Nf6 13. Be3 Rd8 14. Qe2 b5 15.
Rad1 Na5 16. Bc2 Bb7 17. Bg5 b4 18. Bxf6 Bxf6 19. Ne4 Bxe4 1/2-1/2

[Event "European Team-ch 2007"]
[Site "Crete GRE"]
[Date "2007.11.06"]
[Round "9.14"]
[White "Agopov, Mikael"]
[Black "Danielsen, Henrik"]
[Result "1/2-1/2"]
[WhiteElo "2440"]
[BlackElo "2491"]
[PlyCount "68"]
[EventDate "2007.10.28"]
[EventType "team"]
[EventRounds "9"]
[EventCountry "GRE"]
[Source "lmi"]
[SourceDate "2007.10.28"]
[WhiteTeam "Finland"]
[BlackTeam "Iceland"]
[WhiteTeamCountry "FIN"]
[BlackTeamCountry "ISL"]

1. e4 c6 2. d4 d5 3. Nc3 dxe4 4. Nxe4 Bf5 5. Ng3 Bg6 6. h4 h6 7. Nf3 Nd7 8. h5
Bh7 9. Bd3 Bxd3 10. Qxd3 e6 11. Bf4 Qa5+ 12. Bd2 Qc7 13. O-O-O Ngf6 14. Ne4
O-O-O 15. g3 Nxe4 16. Qxe4 Nf6 17. Qe2 Bd6 18. c4 c5 19. Bc3 cxd4 20. Bxd4 Qa5
21. a3 Rd7 22. Ne5 Bxe5 23. Bxe5 Rhd8 24. Rxd7 Nxd7 25. Bc3 Qf5 26. g4 Qf4+ 27.
Kb1 e5 28. Rd1 f5 29. gxf5 Qxf5+ 30. Ka2 Rf8 31. Rd2 Qf3 32. Bxe5 Qxe2 33. Rxe2
Nxe5 34. Rxe5 Rxf2 1/2-1/2

[Event "European Team-ch 2007"]
[Site "Crete GRE"]
[Date "2007.11.06"]
[Round "9.14"]
[White "Kristjansson, Stefan"]
[Black "Karttunen, Mika"]
[Result "1/2-1/2"]
[WhiteElo "2458"]
[BlackElo "2427"]
[PlyCount "87"]
[EventDate "2007.10.28"]
[EventType "team"]
[EventRounds "9"]
[EventCountry "GRE"]
[Source "lmi"]
[SourceDate "2007.10.28"]
[WhiteTeam "Iceland"]
[BlackTeam "Finland"]
[WhiteTeamCountry "ISL"]
[BlackTeamCountry "FIN"]

1. e4 Nf6 2. e5 Nd5 3. d4 d6 4. Nf3 Bf5 5. Nh4 Bc8 6. g3 dxe5 7. dxe5 Nc6 8.
Bg2 Ndb4 9. Bd2 g5 10. Nf3 g4 11. Nh4 Bg7 12. a3 Nd5 13. Qe2 Nxe5 14. Nc3 Nxc3
15. Bxc3 Nf3+ 16. Nxf3 Bxc3+ 17. bxc3 gxf3 18. Qxf3 Qd6 19. O-O c6 20. Rfe1 O-O
21. Qe3 Re8 22. Rad1 Qg6 23. Qc5 Be6 24. Be4 Qf6 25. Rd4 Red8 26. Red1 Rxd4 27.
Rxd4 Rc8 28. Bd3 b6 29. Qh5 h6 30. Rf4 Qg5 31. Qe2 Qg7 32. Bc4 Bxc4 33. Qxc4
Kf8 34. Qd3 Re8 35. Rd4 Qe5 36. Qh7 Qg7 37. Qf5 Qg5 38. Qh7 Qg7 39. Qd3 Qg6 40.
Rd7 Qxd3 41. cxd3 c5 42. Kf1 a5 43. Ke2 Rc8 44. a4 1/2-1/2

[Event "European Team-ch 2007"]
[Site "Crete GRE"]
[Date "2007.11.06"]
[Round "9.14"]
[White "Keskinen, Sauli"]
[Black "Thorhallsson, Throstur"]
[Result "0-1"]
[WhiteElo "2298"]
[BlackElo "2448"]
[PlyCount "88"]
[EventDate "2007.10.28"]
[EventType "team"]
[EventRounds "9"]
[EventCountry "GRE"]
[Source "lmi"]
[SourceDate "2007.10.28"]
[WhiteTeam "Finland"]
[BlackTeam "Iceland"]
[WhiteTeamCountry "FIN"]
[BlackTeamCountry "ISL"]

1. e4 d5 2. exd5 Nf6 3. Nc3 Nxd5 4. g3 Nxc3 5. bxc3 e5 6. Bg2 Bc5 7. Qh5 O-O 8.
Ne2 Re8 9. O-O g6 10. Qh6 Bg4 11. Re1 Nc6 12. d3 Qf6 13. Be3 Bf8 14. Qg5 Qe6
15. f3 Bh3 16. Qh4 Bxg2 17. Kxg2 Ne7 18. Bf2 Qd7 19. Rab1 b6 20. Qe4 Nf5 21. h4
h5 22. c4 Bh6 23. Nc3 c6 24. Qe2 Nd4 25. Qd1 Re6 26. Ne4 f5 27. Ng5 Bxg5 28.
hxg5 c5 29. Bxd4 Qxd4 30. a4 Rae8 31. a5 h4 32. g4 Qf4 33. Kh1 Qxg5 34. Rg1 e4
35. axb6 axb6 36. d4 exf3 37. Qxf3 Re3 38. Qd5+ Kh8 39. Rb3 Re1 40. Qg2 Rxg1+
41. Qxg1 fxg4 42. Rxb6 Qf4 43. Rb3 Re2 44. dxc5 Qe4+ 0-1

[Event "European Team-ch 2007"]
[Site "Crete GRE"]
[Date "2007.11.06"]
[Round "9.15"]
[White "Naiditsch, Arkadij"]
[Black "Gurevich, Mikhail"]
[Result "1-0"]
[WhiteElo "2639"]
[BlackElo "2627"]
[PlyCount "115"]
[EventDate "2007.10.28"]
[EventType "team"]
[EventRounds "9"]
[EventCountry "GRE"]
[Source "lmi"]
[SourceDate "2007.10.28"]
[WhiteTeam "Germany"]
[BlackTeam "Turkey"]
[WhiteTeamCountry "GER"]
[BlackTeamCountry "TUR"]

1. e4 e6 2. d4 d5 3. Nc3 Nf6 4. Bg5 dxe4 5. Nxe4 Nbd7 6. Nf3 h6 7. Nxf6+ Nxf6
8. Be3 Nd5 9. Bd2 a6 10. Bd3 c5 11. O-O cxd4 12. Nxd4 Bc5 13. Nb3 Bd6 14. Qf3
O-O 15. Rfd1 Qc7 16. g3 Be5 17. c4 Ne7 18. Bb4 Re8 19. Ba5 Qb8 20. Bb6 Nc6 21.
Be4 a5 22. a4 Bxb2 23. Rab1 Ne5 24. Qe2 Bc3 25. c5 Bb4 26. Qb5 Nc6 27. f4 f5
28. Bg2 Re7 29. Rd6 Bd7 30. Rbd1 Qc8 31. Qc4 Kh7 32. Nc1 Be8 33. Nd3 Bh5 34.
Rb1 Be2 35. Qc2 Bxd3 36. Qxd3 Qe8 37. g4 Kh8 38. Rd1 Qf7 39. Rd7 fxg4 40. Rxe7
Qxe7 41. Qg6 Bxc5+ 42. Kh1 Bxb6 43. Be4 Kg8 44. Qh7+ Kf7 45. Bg6+ Kf6 46. Bh5
Qf8 47. Rd7 Ne5 48. Rxg7 Bd4 49. Qxh6+ Kf5 50. Bg6+ Nxg6 51. Qxg6+ Kxf4 52.
Qxg4+ Ke3 53. Qxe6+ Kd2 54. Qa2+ Kd1 55. Qb1+ Kd2 56. Rg3 Re8 57. Rd3+ Ke2 58.
Qc2+ 1-0

[Event "European Team-ch 2007"]
[Site "Crete GRE"]
[Date "2007.11.06"]
[Round "9.15"]
[White "Atalik, Suat"]
[Black "Gustafsson, Jan"]
[Result "1/2-1/2"]
[WhiteElo "2599"]
[BlackElo "2606"]
[PlyCount "70"]
[EventDate "2007.10.28"]
[EventType "team"]
[EventRounds "9"]
[EventCountry "GRE"]
[Source "lmi"]
[SourceDate "2007.10.28"]
[WhiteTeam "Turkey"]
[BlackTeam "Germany"]
[WhiteTeamCountry "TUR"]
[BlackTeamCountry "GER"]

1. d4 d5 2. c4 c6 3. Nf3 Nf6 4. e3 Bg4 5. h3 Bxf3 6. Qxf3 e6 7. Bd3 Nbd7 8. Bd2
Bd6 9. Nc3 O-O 10. cxd5 cxd5 11. O-O Re8 12. Qd1 a6 13. Qb3 Qb6 14. Qxb6 Nxb6
15. b3 Rac8 16. Rac1 Bb4 17. Nb1 Bxd2 18. Nxd2 a5 19. f3 Rxc1 20. Rxc1 Rc8 21.
Rxc8+ Nxc8 22. Nb1 Nd6 23. Nc3 Nd7 24. Kf2 Kf8 25. h4 h6 26. g4 g5 27. hxg5
hxg5 28. f4 gxf4 29. exf4 Nb8 30. f5 Nc6 31. Ke3 Kg7 32. Kf4 exf5 33. gxf5 f6
34. Nxd5 Nxd4 35. b4 a4 1/2-1/2

[Event "European Team-ch 2007"]
[Site "Crete GRE"]
[Date "2007.11.06"]
[Round "9.15"]
[White "Buhmann, Rainer"]
[Black "Haznedaroglu, Kivanc"]
[Result "1-0"]
[WhiteElo "2567"]
[BlackElo "2468"]
[PlyCount "199"]
[EventDate "2007.10.28"]
[EventType "team"]
[EventRounds "9"]
[EventCountry "GRE"]
[Source "lmi"]
[SourceDate "2007.10.28"]
[WhiteTeam "Germany"]
[BlackTeam "Turkey"]
[WhiteTeamCountry "GER"]
[BlackTeamCountry "TUR"]

1. Nf3 d5 2. d4 Nf6 3. c4 c6 4. Nc3 e6 5. Bg5 h6 6. Bh4 dxc4 7. e4 g5 8. Bg3 b5
9. Be2 Bb7 10. O-O Bg7 11. a4 a6 12. e5 Nd5 13. Ne4 O-O 14. b3 Nd7 15. bxc4
bxc4 16. h4 g4 17. Nfd2 c5 18. Nxc4 cxd4 19. Qxd4 f5 20. exf6 N5xf6 21. Nxf6+
Nxf6 22. Qxd8 Raxd8 23. Be5 Bd5 24. Ne3 h5 25. Bxa6 Bh6 26. Nxd5 Rxd5 27. Rae1
Nd7 28. Bg3 Nc5 29. Bb5 Bf4 30. Bxf4 Rxf4 31. Ra1 Nb3 32. Ra2 Nd4 33. Rb1 Kg7
34. Rab2 Rff5 35. Bf1 Rfe5 36. Rb7+ Kf6 37. Rh7 Ne2+ 38. Kh2 Nc3 39. Rbb7 Rf5
40. Bc4 Rd6 41. a5 Ne4 42. Rh6+ Ke5 43. Rb5+ Kf4 44. Rxf5+ Kxf5 45. a6 g3+ 46.
fxg3 Nf6 47. Be2 Rd2 48. Bxh5 Ra2 49. Bf3 Rxa6 50. Rh8 e5 51. Ra8 Rb6 52. g4+
Nxg4+ 53. Bxg4+ Kxg4 54. Ra4+ Kf5 55. g4+ Ke6 56. Ra3 e4 57. Kg3 Ke5 58. g5 Rb1
59. Ra5+ Ke6 60. h5 e3 61. Kf3 Rh1 62. h6 Rh3+ 63. Ke2 Kf7 64. Ra6 Ke7 65. Rf6
Rh5 66. Rg6 Rh3 67. Rg8 Kf7 68. Rg7+ Kf8 69. Rg6 Kf7 70. Rf6+ Ke7 71. Rf3 Rh5
72. Rf5 Rh3 73. Kd3 Ke6 74. Rf6+ Ke7 75. Ra6 Kf8 76. Re6 Kf7 77. Rf6+ Kg8 78.
Ke2 Kh7 79. Rf7+ Kg8 80. Re7 Rg3 81. Re5 Kh7 82. Kd3 Kg8 83. Ke4 Kf8 84. Kf4
Rg1 85. Rxe3 Kf7 86. Rh3 Rf1+ 87. Kg4 Rg1+ 88. Rg3 Rh1 89. Rf3+ Kg6 90. Rf6+
Kh7 91. Rf7+ Kg8 92. Ra7 Rb1 93. Re7 Rb4+ 94. Kf5 Rb5+ 95. Kg6 Rb6+ 96. Kf5
Rb5+ 97. Kf6 Rb6+ 98. Re6 Rb8 99. g6 Rf8+ 100. Kg5 1-0

[Event "European Team-ch 2007"]
[Site "Crete GRE"]
[Date "2007.11.06"]
[Round "9.15"]
[White "Esen, Baris"]
[Black "Baramidze, David"]
[Result "0-1"]
[WhiteElo "2453"]
[BlackElo "2569"]
[PlyCount "56"]
[EventDate "2007.10.28"]
[EventType "team"]
[EventRounds "9"]
[EventCountry "GRE"]
[Source "lmi"]
[SourceDate "2007.10.28"]
[WhiteTeam "Turkey"]
[BlackTeam "Germany"]
[WhiteTeamCountry "TUR"]
[BlackTeamCountry "GER"]

1. d4 d5 2. c4 c6 3. Nf3 Nf6 4. e3 e6 5. Nc3 Nbd7 6. Bd3 dxc4 7. Bxc4 b5 8. Bd3
Bb7 9. O-O a6 10. e4 c5 11. d5 c4 12. Bc2 Qc7 13. dxe6 fxe6 14. Qe2 Bd6 15. Nd4
Bxh2+ 16. Kh1 Qb6 17. Be3 Bb8 18. Ndxb5 Qa5 19. Nd4 O-O 20. f4 e5 21. Qxc4+ Kh8
22. Nb3 Qd8 23. f5 Ng4 24. Rf3 Rxf5 25. Bg1 Ba7 26. Bxa7 Rxa7 27. Nd1 Qh4+ 28.
Kg1 Qh2+ 0-1

[Event "European Team-ch 2007"]
[Site "Crete GRE"]
[Date "2007.11.06"]
[Round "9.16"]
[White "Polaczek, Richard"]
[Black "Sepp, Olav"]
[Result "1/2-1/2"]
[WhiteElo "2425"]
[BlackElo "2457"]
[PlyCount "238"]
[EventDate "2007.10.28"]
[EventType "team"]
[EventRounds "9"]
[EventCountry "GRE"]
[Source "lmi"]
[SourceDate "2007.10.28"]
[WhiteTeam "Belgium"]
[BlackTeam "Estonia"]
[WhiteTeamCountry "BEL"]
[BlackTeamCountry "EST"]

1. d4 Nf6 2. Bg5 d5 3. e3 c6 4. Nf3 Bg4 5. Be2 Qb6 6. Qc1 Nbd7 7. Nbd2 Ne4 8.
Bf4 Nxd2 9. Qxd2 Nf6 10. O-O e6 11. Ne5 Bxe2 12. Qxe2 Be7 13. c4 O-O 14. c5 Qd8
15. b4 a6 16. a4 Nd7 17. Rfb1 Nxe5 18. Bxe5 Bf6 19. Bd6 Be7 20. Bg3 Bh4 21. b5
Bxg3 22. hxg3 axb5 23. axb5 Qc7 24. bxc6 bxc6 25. Ra6 Rac8 26. Rbb6 Qd7 27. Qb2
h6 28. Rb7 Qe8 29. Raa7 Qd8 30. Qe2 Qg5 31. Qf3 Qg6 32. Qf4 Qh5 33. Qf3 Qg6 34.
Qd1 Rce8 35. Qb1 Qxb1+ 36. Rxb1 e5 37. dxe5 Rxe5 38. Rc7 Re6 39. Rb6 d4 40.
exd4 Rd8 41. Rbxc6 Re1+ 42. Kh2 Rxd4 43. Rd6 Rc4 44. g4 Rec1 45. f3 Rxc5 46.
Rd8+ Kh7 47. Rxf7 Rc7 48. Rff8 R7c6 49. f4 Kg6 50. Kg3 Rf6 51. Kh4 Rxf8 52.
Rxf8 Rc2 53. f5+ Kh7 54. Kg3 Rc3+ 55. Kh2 Rc2 56. Kh3 Rc3+ 57. g3 Ra3 58. Kh4
Rf3 59. g5 hxg5+ 60. Kg4 Rb3 61. Rd8 Rc3 62. Rd7 Kh6 63. Rd6+ Kh7 64. Rg6 Rb3
65. Rxg5 Rc3 66. Rg6 Rb3 67. Kh4 Rc3 68. g4 Rc4 69. Rb6 Rd4 70. Kh5 Rd5 71. Kg5
Rc5 72. Re6 Ra5 73. Kf4 Ra1 74. Re7 Ra4+ 75. Kg5 Ra5 76. Kh4 Kg8 77. Kh5 Kh7
78. Re6 Rb5 79. Kg5 Ra5 80. Kf4 Ra4+ 81. Re4 Ra1 82. g5 Rf1+ 83. Ke5 Rg1 84.
g6+ Kg8 85. Ra4 Re1+ 86. Kf4 Re8 87. Ra7 Kf8 88. Ra5 Rb8 89. Rc5 Re8 90. Rc6
Kg8 91. Rc7 Kf8 92. Rc5 Kg8 93. Re5 Rb8 94. Ke4 Kf8 95. Kd5 Rd8+ 96. Kc6 Ra8
97. Rd5 Ke7 98. Rd7+ Kf6 99. Rf7+ Kg5 100. Kd7 Ra7+ 101. Ke6 Ra6+ 102. Ke7 Kh6
103. Rf8 Ra7+ 104. Ke8 Kg5 105. Rf7 Ra8+ 106. Ke7 Kh6 107. Rf8 Ra7+ 108. Ke6
Rb7 109. Re8 Rb6+ 110. Ke7 Rb7+ 111. Kf8 Ra7 112. Re7 Ra8+ 113. Kf7 Ra6 114.
Re6 Ra7+ 115. Re7 Ra6 116. Re5 Ra7+ 117. Ke6 Ra6+ 118. Kd5 Kg5 119. Re7 Kxf5
1/2-1/2

[Event "European Team-ch 2007"]
[Site "Crete GRE"]
[Date "2007.11.06"]
[Round "9.16"]
[White "Lauk, Ular"]
[Black "Laurent, Bruno"]
[Result "1/2-1/2"]
[WhiteElo "2414"]
[BlackElo "2359"]
[PlyCount "28"]
[EventDate "2007.10.28"]
[EventType "team"]
[EventRounds "9"]
[EventCountry "GRE"]
[Source "lmi"]
[SourceDate "2007.10.28"]
[WhiteTeam "Estonia"]
[BlackTeam "Belgium"]
[WhiteTeamCountry "EST"]
[BlackTeamCountry "BEL"]

1. e4 e6 2. d4 d5 3. Nd2 Nf6 4. e5 Nfd7 5. Bd3 c5 6. c3 Nc6 7. Ne2 cxd4 8. cxd4
f6 9. exf6 Nxf6 10. Nf3 Bd6 11. Bf4 O-O 12. O-O Bxf4 13. Nxf4 Ne4 14. Qc1 Ng5
1/2-1/2

[Event "European Team-ch 2007"]
[Site "Crete GRE"]
[Date "2007.11.06"]
[Round "9.16"]
[White "Gulbas, Cemil"]
[Black "Liiva, Riho"]
[Result "0-1"]
[WhiteElo "2365"]
[BlackElo "2442"]
[PlyCount "84"]
[EventDate "2007.10.28"]
[EventType "team"]
[EventRounds "9"]
[EventCountry "GRE"]
[Source "lmi"]
[SourceDate "2007.10.28"]
[WhiteTeam "Belgium"]
[BlackTeam "Estonia"]
[WhiteTeamCountry "BEL"]
[BlackTeamCountry "EST"]

1. e4 g6 2. d4 Bg7 3. Nc3 c6 4. Nf3 d5 5. h3 Nh6 6. Bd3 O-O 7. O-O f6 8. Re1
Nf7 9. Bf1 e6 10. b3 Re8 11. Bb2 b6 12. Na4 Bb7 13. c4 Nd7 14. Nc3 dxe4 15.
Nxe4 f5 16. Nc3 c5 17. dxc5 Nxc5 18. Qe2 Qe7 19. Rad1 Rad8 20. Rxd8 Rxd8 21.
Rd1 Rxd1 22. Qxd1 Ne4 23. Na4 Bxb2 24. Nxb2 Qa3 25. Qa1 Qd6 26. Nd3 Nc5 27.
Nde5 Bxf3 28. Nxf3 e5 29. b4 Ne6 30. Qc3 e4 31. Nd2 Qe5 32. Qa3 f4 33. c5 bxc5
34. Nc4 cxb4 35. Qxa7 Qd4 36. Qe7 Nc5 37. Nb6 Qd6 38. Qe8+ Kg7 39. Bc4 Ne5 40.
Bd5 e3 41. Qg8+ Kh6 42. Nc8 Qf6 0-1

[Event "European Team-ch 2007"]
[Site "Crete GRE"]
[Date "2007.11.06"]
[Round "9.17"]
[White "Ragger, Markus"]
[Black "Jones, Richard S"]
[Result "1-0"]
[WhiteElo "2528"]
[BlackElo "2327"]
[PlyCount "63"]
[EventDate "2007.10.28"]
[EventType "team"]
[EventRounds "9"]
[EventCountry "GRE"]
[Source "lmi"]
[SourceDate "2007.10.28"]
[WhiteTeam "Austria"]
[BlackTeam "Wales"]
[WhiteTeamCountry "AUT"]
[BlackTeamCountry "WLS"]

1. e4 c5 2. c3 Nf6 3. e5 Nd5 4. Nf3 Nc6 5. d4 cxd4 6. Bc4 Nb6 7. Bb3 d5 8. exd6
Qxd6 9. O-O Be6 10. Na3 dxc3 11. Qe2 Bxb3 12. Nb5 Qb8 13. axb3 e5 14. Nbd4 Bd6
15. Nf5 O-O 16. bxc3 Re8 17. Ng5 f6 18. Nxh7 Kxh7 19. Qh5+ Kg8 20. Nh6+ gxh6
21. Qg6+ Kf8 22. Qxf6+ Kg8 23. Qg6+ Kh8 24. Qxh6+ Kg8 25. Qg6+ Kh8 26. Rd1 Qc7
27. Bg5 Bf8 28. Rd3 Bg7 29. Rh3+ Kg8 30. Qh7+ Kf8 31. Rf3+ Qf7 32. Bh6 1-0

[Event "European Team-ch 2007"]
[Site "Crete GRE"]
[Date "2007.11.06"]
[Round "9.17"]
[White "Kett, Tim"]
[Black "Weiss, Christian"]
[Result "1/2-1/2"]
[WhiteElo "2257"]
[BlackElo "2460"]
[PlyCount "116"]
[EventDate "2007.10.28"]
[EventType "team"]
[EventRounds "9"]
[EventCountry "GRE"]
[Source "lmi"]
[SourceDate "2007.10.28"]
[WhiteTeam "Wales"]
[BlackTeam "Austria"]
[WhiteTeamCountry "WLS"]
[BlackTeamCountry "AUT"]

1. e4 c5 2. Nf3 e6 3. d4 cxd4 4. Nxd4 a6 5. Nc3 b5 6. Bd3 Bb7 7. O-O Nc6 8.
Nxc6 Bxc6 9. Kh1 Qc7 10. Qe2 Nf6 11. Bg5 Be7 12. e5 Ng8 13. Bf4 Qb7 14. Be4 b4
15. Bxc6 Qxc6 16. Ne4 f5 17. Ng5 Nh6 18. Qh5+ Kf8 19. Rfd1 Bxg5 20. Qxg5 Nf7
21. Qh5 Rb8 22. Rd2 Re8 23. Rad1 Re7 24. h3 Rg8 25. Bg5 Nxg5 26. Qxg5 Ke8 27.
Rd6 Qb5 28. Qe3 Kf7 29. Qd4 Rc8 30. Rd2 Rc4 31. Qa7 Qc5 32. Qxc5 Rxc5 33. f4
Ra5 34. Rb6 Rxa2 35. Rxb4 g5 36. fxg5 Ra1+ 37. Kh2 Re1 38. Ra4 Rxe5 39. Rxa6 d5
40. Rb6 Kg6 41. b4 Kxg5 42. b5 Re1 43. Rb8 Rb1 44. b6 Kf4 45. c4 dxc4 46. Rd4+
Ke5 47. Rxc4 Rb2 48. Rc5+ Kf6 49. Rc7 Rxb6 50. Rf8+ Kg7 51. Rxe7+ Kxf8 52. Rxh7
f4 53. h4 Rb2 54. Kh3 e5 55. Ra7 Re2 56. h5 Kg8 57. h6 Kh8 58. h7 Re3+ 1/2-1/2

[Event "European Team-ch 2007"]
[Site "Crete GRE"]
[Date "2007.11.06"]
[Round "9.17"]
[White "Neubauer, Martin"]
[Black "Morris, Charles F"]
[Result "1-0"]
[WhiteElo "2453"]
[BlackElo "2198"]
[PlyCount "47"]
[EventDate "2007.10.28"]
[EventType "team"]
[EventRounds "9"]
[EventCountry "GRE"]
[Source "lmi"]
[SourceDate "2007.10.28"]
[WhiteTeam "Austria"]
[BlackTeam "Wales"]
[WhiteTeamCountry "AUT"]
[BlackTeamCountry "WLS"]

1. e4 e6 2. d4 d5 3. Nc3 Nf6 4. Bg5 Bb4 5. e5 h6 6. Bd2 Bxc3 7. bxc3 Ne4 8. Qg4
g6 9. Bc1 c5 10. Bd3 Nxc3 11. dxc5 Qa5 12. Bd2 Qa4 13. h3 Ne4 14. Bxe4 dxe4 15.
Ne2 Nd7 16. O-O Nxc5 17. Be3 Nd7 18. Nc3 Qa5 19. Nxe4 Qxe5 20. Rad1 Nf6 21. Qh4
g5 22. Bxg5 Nd5 23. Nf6+ Kf8 24. Bxh6+ 1-0

[Event "European Team-ch 2007"]
[Site "Crete GRE"]
[Date "2007.11.06"]
[Round "9.17"]
[White "Spice, Alan"]
[Black "Balinov, Ilia"]
[Result "0-1"]
[WhiteElo "2170"]
[BlackElo "2475"]
[PlyCount "116"]
[EventDate "2007.10.28"]
[EventType "team"]
[EventRounds "9"]
[EventCountry "GRE"]
[Source "lmi"]
[SourceDate "2007.10.28"]
[WhiteTeam "Wales"]
[BlackTeam "Austria"]
[WhiteTeamCountry "WLS"]
[BlackTeamCountry "AUT"]

1. Nc3 c5 2. Nf3 Nc6 3. d4 cxd4 4. Nxd4 Nf6 5. e4 d6 6. Bg5 e6 7. Qd2 a6 8.
O-O-O Bd7 9. f4 h6 10. Bh4 g5 11. fxg5 Ng4 12. Be2 Nge5 13. Nf3 Be7 14. Rhf1
hxg5 15. Bg3 Qa5 16. Kb1 f6 17. h3 O-O-O 18. Nxe5 dxe5 19. Bg4 Kb8 20. Rf3 Bc8
21. Rd3 Rdf8 22. Ne2 Qb6 23. Nc1 Rd8 24. Qe2 Bc5 25. Nb3 Nd4 26. Nxd4 Rxd4 27.
c3 Rxd3 28. Rxd3 Qc6 29. b4 Bb6 30. Kb2 Ka8 31. Qd2 Qxe4 32. Rd6 Ba7 33. Rxa6
Qc4 34. Ra3 Rh7 35. Bf3 Kb8 36. Qd6+ Qc7 37. Qxc7+ Rxc7 38. h4 gxh4 39. Bxh4
Rf7 40. b5 Bd7 41. Rb3 Bc5 42. a4 b6 43. Ka2 Kc8 44. Bg3 Rg7 45. Bh2 Rh7 46.
Bg3 Rg7 47. Bh2 e4 48. Bxe4 Rg4 49. Bf3 Rxa4+ 50. Kb1 e5 51. Bd5 Bf5+ 52. Kb2
Rh4 53. Bg3 Rh1 54. Ka2 Rd1 55. c4 Bd4 56. Rf3 Bc2 57. Ka3 Ra1+ 58. Kb4 Ra4#
0-1

[Event "European Team-ch 2007"]
[Site "Crete GRE"]
[Date "2007.11.06"]
[Round "9.18"]
[White "Muir, Andrew J"]
[Black "Antoniou, Antonis"]
[Result "1-0"]
[WhiteElo "2367"]
[BlackElo "2163"]
[PlyCount "33"]
[EventDate "2007.10.28"]
[EventType "team"]
[EventRounds "9"]
[EventCountry "GRE"]
[Source "lmi"]
[SourceDate "2007.10.28"]
[WhiteTeam "Scotland"]
[BlackTeam "Cyprus"]
[WhiteTeamCountry "SCO"]
[BlackTeamCountry "CYP"]

1. d4 Nf6 2. c4 e6 3. Nc3 Bb4 4. e3 O-O 5. Bd3 d5 6. Nf3 c5 7. O-O cxd4 8. exd4
dxc4 9. Bxc4 b6 10. Bg5 Be7 11. Ne5 Bb7 12. Re1 Nc6 13. Ba6 Qc8 14. Bxb7 Qxb7
15. Qf3 Rac8 16. Nb5 Rfd8 17. Nxa7 1-0

[Event "European Team-ch 2007"]
[Site "Crete GRE"]
[Date "2007.11.06"]
[Round "9.18"]
[White "Aristotelous, Vassilis"]
[Black "Ruxton, Keith"]
[Result "0-1"]
[WhiteElo "1960"]
[BlackElo "2314"]
[PlyCount "88"]
[EventDate "2007.10.28"]
[EventType "team"]
[EventRounds "9"]
[EventCountry "GRE"]
[Source "lmi"]
[SourceDate "2007.10.28"]
[WhiteTeam "Cyprus"]
[BlackTeam "Scotland"]
[WhiteTeamCountry "CYP"]
[BlackTeamCountry "SCO"]

1. e4 c5 2. Nc3 d6 3. f4 g6 4. Nf3 Bg7 5. d3 Nc6 6. g3 e6 7. Bg2 Nge7 8. O-O
O-O 9. g4 f5 10. h3 Rb8 11. Ne2 b5 12. Ng3 Nd4 13. Nxd4 Bxd4+ 14. Kh2 b4 15.
Qe2 Bd7 16. Rb1 Bg7 17. Be3 Qc7 18. Qf2 Rbe8 19. Kh1 Bc6 20. Qg1 Rf7 21. Ne2
Ref8 22. Rf2 Bf6 23. Bf3 Bh4 24. Rg2 Qb7 25. Ng3 Bxg3 26. Rxg3 fxe4 27. Bxe4
Bxe4+ 28. dxe4 Qxe4+ 29. Qg2 Qxg2+ 30. Kxg2 Nd5 31. Rf1 Nxf4+ 32. Kh2 Nd5 33.
Rxf7 Rxf7 34. Bh6 c4 35. Rg2 Rf1 36. Kg3 Kf7 37. Rf2+ Rxf2 38. Kxf2 e5 39. Kf3
Ke6 40. h4 c3 41. b3 Nc7 42. Be3 Nb5 43. Ke2 Kd5 44. Kd3 Nd4 0-1

[Event "European Team-ch 2007"]
[Site "Crete GRE"]
[Date "2007.11.06"]
[Round "9.18"]
[White "Grant, Jonathan"]
[Black "Klerides, Paris"]
[Result "1/2-1/2"]
[WhiteElo "2261"]
[BlackElo "2183"]
[PlyCount "149"]
[EventDate "2007.10.28"]
[EventType "team"]
[EventRounds "9"]
[EventCountry "GRE"]
[Source "lmi"]
[SourceDate "2007.10.28"]
[WhiteTeam "Scotland"]
[BlackTeam "Cyprus"]
[WhiteTeamCountry "SCO"]
[BlackTeamCountry "CYP"]

1. c4 Nf6 2. Nc3 g6 3. g3 Bg7 4. Bg2 O-O 5. e4 d6 6. Nge2 c5 7. O-O Nc6 8. d3
Ne8 9. Be3 Nd4 10. Rb1 Bg4 11. f3 Bd7 12. b4 b6 13. f4 Bg4 14. h3 Bxe2 15. Nxe2
Nxe2+ 16. Qxe2 Nc7 17. e5 Rb8 18. d4 cxd4 19. Bxd4 Ne6 20. Ba1 dxe5 21. Bxe5
Bxe5 22. Qxe5 Qd4+ 23. Qxd4 Nxd4 24. Rfe1 e6 25. Rbc1 Rfd8 26. Rc3 Rbc8 27. Kf2
Rd7 28. Rd1 Kf8 29. c5 bxc5 30. bxc5 Ke7 31. Rc4 Nf5 32. Rxd7+ Kxd7 33. g4 Ne7
34. Ke3 Nd5+ 35. Bxd5 exd5 36. Rc3 Re8+ 37. Kd3 Kc6 38. Ra3 Re7 39. Ra5 h5 40.
g5 h4 41. a4 Re4 42. f5 gxf5 43. Rxa7 Kxc5 44. a5 Ra4 45. a6 Ra3+ 46. Ke2 Kd4
47. Rxf7 Rxa6 48. Rxf5 Ke4 49. Rf6 Ra2+ 50. Kf1 Rh2 51. Rh6 Rxh3 52. g6 Kf3 53.
Ke1 Ke3 54. Kd1 d4 55. g7 Rg3 56. Rxh4 Rxg7 57. Rh3+ Ke4 58. Kd2 Rg2+ 59. Kd1
Ra2 60. Rg3 Rh2 61. Ra3 Rg2 62. Rh3 Kd5 63. Ra3 Kc4 64. Rh3 Ra2 65. Rg3 Ra1+
66. Kd2 Rh1 67. Rf3 Rh2+ 68. Kd1 Rh4 69. Rg3 Re4 70. Kd2 Rh4 71. Rf3 Rh1 72.
Rg3 Rh2+ 73. Kd1 Rh4 74. Kd2 d3 75. Rg8 1/2-1/2